[Event "DEM U12 2021"]
[Site "Willingen GER"]
[Date "2021.08.25"]
[Round "4"]
[White "Huber, Benedikt"]
[Black "Chugunov, Ivan"]
[Result "1/2-1/2"]
[Termination "normal"]
[Board "8"]
[WhiteElo "1613"]
[BlackElo "1488"]
[WhiteClock "00:07:49"]
[BlackClock "00:13:28"]
[PlyCount "75"]
[WhiteFideId "16281225"]
[BlackFideId "16256808"]
[EventCountry "GER"]
[EventRounds "9"]
[EventType "swiss"]
[EventDate "2021.08.22"]

1. e4 {[%clk 01:30:59]} {[%emt 14:22:28]} c5 {[%clk 01:30:41]} {[%emt
00:00:19]} 2. Nf3 {[%clk 01:31:23]} {[%emt 00:00:05]} e6 {[%clk 01:30:57]}
{[%emt 00:00:14]} 3. d4 {[%clk 01:31:48]} {[%emt 00:00:05]} cxd4 {[%clk
01:31:16]} {[%emt 00:00:11]} 4. Nxd4 {[%clk 01:32:15]} {[%emt 00:00:03]} Nc6
{[%clk 01:31:34]} {[%emt 00:00:12]} 5. Be3 {[%clk 01:31:24]} {[%emt 00:01:22]}
Qc7 {[%clk 01:31:36]} {[%emt 00:00:28]} 6. Nc3 {[%clk 01:31:00]} {[%emt
00:00:54]} a6 {[%clk 01:31:37]} {[%emt 00:00:28]} 7. Be2 {[%clk 01:30:28]}
{[%emt 00:01:02]} Nf6 {[%clk 01:31:27]} {[%emt 00:00:40]} 8. O-O {[%clk
01:30:14]} {[%emt 00:00:44]} b5 {[%clk 01:31:11]} {[%emt 00:00:46]} 9. a3
{[%clk 01:29:43]} {[%emt 00:01:02]} Bb7 {[%clk 01:30:19]} {[%emt 00:01:21]} 10.
Bf3 {[%clk 01:26:21]} {[%emt 00:03:52]} Be7 {[%clk 01:26:31]} {[%emt 00:04:17]}
11. Qd2 {[%clk 01:22:58]} {[%emt 00:03:54]} d6 {[%clk 01:24:43]} {[%emt
00:02:18]} 12. Rad1 {[%clk 01:20:31]} {[%emt 00:02:57]} Rc8 {[%clk 01:16:50]}
{[%emt 00:08:23]} 13. Nxc6 {[%clk 01:12:31]} {[%emt 00:08:31]} Bxc6 {[%clk
01:15:39]} {[%emt 00:01:57]} 14. Bf4 {[%clk 01:11:13]} {[%emt 00:01:36]} e5
{[%clk 01:13:50]} {[%emt 00:02:14]} 15. Be3 {[%clk 01:10:50]} {[%emt 00:00:54]}
O-O {[%clk 01:13:00]} {[%emt 00:01:20]} 16. Qd3 {[%clk 01:05:44]} {[%emt
00:05:37]} Bd7 {[%clk 01:06:41]} {[%emt 00:06:49]} 17. Bg5 {[%clk 00:56:25]}
{[%emt 00:09:49]} Be6 {[%clk 00:59:27]} {[%emt 00:07:43]} 18. Bxf6 {[%clk
00:56:06]} {[%emt 00:00:49]} Bc4 {[%clk 00:51:26]} {[%emt 00:08:32]} 19. Bxe7
{[%clk 00:45:05]} {[%emt 00:11:31]} Bxd3 {[%clk 00:49:42]} {[%emt 00:02:14]}
20. Bxf8 {[%clk 00:43:30]} {[%emt 00:02:04]} Bxf1 {[%clk 00:47:58]} {[%emt
00:02:14]} 21. Bxd6 {[%clk 00:41:55]} {[%emt 00:02:05]} Qc6 {[%clk 00:45:23]}
{[%emt 00:03:06]} 22. Kxf1 {[%clk 00:40:59]} {[%emt 00:01:25]} Rd8 {[%clk
00:44:34]} {[%emt 00:01:23]} 23. Bxe5 {[%clk 00:39:47]} {[%emt 00:01:39]} Rxd1+
{[%clk 00:42:02]} {[%emt 00:03:02]} 24. Bxd1 {[%clk 00:40:12]} {[%emt
00:00:05]} a5 {[%clk 00:42:03]} {[%emt 00:00:29]} 25. f3 {[%clk 00:31:52]}
{[%emt 00:08:50]} f6 {[%clk 00:33:30]} {[%emt 00:09:02]} 26. Bf4 {[%clk
00:25:20]} {[%emt 00:07:01]} b4 {[%clk 00:28:04]} {[%emt 00:05:57]} 27. axb4
{[%clk 00:25:00]} {[%emt 00:00:51]} Qc4+ {[%clk 00:24:07]} {[%emt 00:04:27]}
28. Be2 {[%clk 00:24:45]} {[%emt 00:00:45]} Qxb4 {[%clk 00:21:44]} {[%emt
00:02:53]} 29. Bc1 {[%clk 00:24:41]} {[%emt 00:00:33]} Kf7 {[%clk 00:19:48]}
{[%emt 00:02:26]} 30. Bd3 {[%clk 00:22:41]} {[%emt 00:02:30]} a4 {[%clk
00:19:01]} {[%emt 00:01:17]} 31. Nd5 {[%clk 00:21:46]} {[%emt 00:01:25]} Qd4
{[%clk 00:18:58]} {[%emt 00:00:34]} 32. Nf4 {[%clk 00:15:57]} {[%emt 00:06:19]}
Ke7 {[%clk 00:14:23]} {[%emt 00:05:04]} 33. Ne2 {[%clk 00:15:09]} {[%emt
00:01:19]} Qb4 {[%clk 00:13:51]} {[%emt 00:01:01]} 34. Nc3 {[%clk 00:14:14]}
{[%emt 00:01:25]} Kd8 {[%clk 00:13:59]} {[%emt 00:00:22]} 35. Nd5 {[%clk
00:12:37]} {[%emt 00:02:07]} Qd4 {[%clk 00:13:58]} {[%emt 00:00:31]} 36. Nf4
{[%clk 00:11:23]} {[%emt 00:01:44]} Kc8 {[%clk 00:13:16]} {[%emt 00:01:12]} 37.
Ne2 {[%clk 00:10:30]} {[%emt 00:01:23]} Qb4 {[%clk 00:13:28]} {[%emt 00:00:18]}
38. Nf4 {[%clk 00:07:49]} {[%emt 00:03:11]} 1/2-1/2

[Event "DEM U12 2021"]
[Site "Willingen GER"]
[Date "2021.08.25"]
[Round "4"]
[White "Dordevic, Tom"]
[Black "Herrmann, Jakob"]
[Result "1/2-1/2"]
[Termination "normal"]
[Board "9"]
[WhiteElo "1594"]
[BlackElo "1531"]
[WhiteClock "00:12:31"]
[BlackClock "00:42:38"]
[PlyCount "103"]
[WhiteFideId "16260503"]
[BlackFideId "16287169"]
[EventCountry "GER"]
[EventRounds "9"]
[EventType "swiss"]
[EventDate "2021.08.22"]

1. Nf3 {[%clk 01:30:51]} {[%emt 00:00:08]} Nf6 {[%clk 01:30:43]} {[%emt
00:00:18]} 2. g3 {[%clk 01:31:14]} {[%emt 00:00:08]} g6 {[%clk 01:31:03]}
{[%emt 00:00:09]} 3. Bg2 {[%clk 01:31:36]} {[%emt 00:00:08]} Bg7 {[%clk
01:31:28]} {[%emt 00:00:05]} 4. O-O {[%clk 01:31:59]} {[%emt 00:00:07]} O-O
{[%clk 01:31:53]} {[%emt 00:00:05]} 5. d4 {[%clk 01:32:24]} {[%emt 00:00:04]}
d6 {[%clk 01:32:14]} {[%emt 00:00:10]} 6. c4 {[%clk 01:32:45]} {[%emt
00:00:09]} Nbd7 {[%clk 01:32:33]} {[%emt 00:00:12]} 7. Nc3 {[%clk 01:32:12]}
{[%emt 00:01:03]} e5 {[%clk 01:32:46]} {[%emt 00:00:17]} 8. e4 {[%clk
01:32:15]} {[%emt 00:00:26]} c6 {[%clk 01:32:55]} {[%emt 00:00:21]} 9. Re1
{[%clk 01:29:25]} {[%emt 00:03:19]} Qb6 {[%clk 01:29:36]} {[%emt 00:03:50]} 10.
b3 {[%clk 01:26:33]} {[%emt 00:03:22]} exd4 {[%clk 01:28:50]} {[%emt 00:01:16]}
11. Nxd4 {[%clk 01:26:40]} {[%emt 00:00:24]} Ng4 {[%clk 01:24:57]} {[%emt
00:04:23]} 12. Qxg4 {[%clk 01:22:08]} {[%emt 00:05:00]} Bxd4 {[%clk 01:22:50]}
{[%emt 00:02:38]} 13. Be3 {[%clk 01:21:42]} {[%emt 00:00:55]} Nc5 {[%clk
01:18:57]} {[%emt 00:04:24]} 14. Qf3 {[%clk 01:13:40]} {[%emt 00:08:32]} Bg4
{[%clk 01:05:39]} {[%emt 00:13:49]} 15. Na4 {[%clk 01:01:35]} {[%emt 00:12:34]}
Nxa4 {[%clk 01:03:52]} {[%emt 00:02:17]} 16. Qxg4 {[%clk 01:01:46]} {[%emt
00:00:20]} Bxe3 {[%clk 01:02:53]} {[%emt 00:01:29]} 17. Rxe3 {[%clk 01:01:51]}
{[%emt 00:00:24]} Nc5 {[%clk 01:02:21]} {[%emt 00:01:02]} 18. Rd1 {[%clk
00:59:48]} {[%emt 00:02:33]} Rad8 {[%clk 00:59:23]} {[%emt 00:03:27]} 19. Re2
{[%clk 00:56:14]} {[%emt 00:04:05]} f5 {[%clk 00:39:19]} {[%emt 00:20:34]} 20.
exf5 {[%clk 00:54:00]} {[%emt 00:02:43]} Rxf5 {[%clk 00:38:11]} {[%emt
00:01:39]} 21. Qd4 {[%clk 00:52:34]} {[%emt 00:01:56]} Na6 {[%clk 00:33:17]}
{[%emt 00:05:24]} 22. Qxb6 {[%clk 00:47:45]} {[%emt 00:05:18]} axb6 {[%clk
00:33:25]} {[%emt 00:00:23]} 23. Re6 {[%clk 00:47:29]} {[%emt 00:00:45]} d5
{[%clk 00:32:09]} {[%emt 00:01:47]} 24. cxd5 {[%clk 00:47:11]} {[%emt
00:00:48]} Nc7 {[%clk 00:29:22]} {[%emt 00:03:16]} 25. Re7 {[%clk 00:45:56]}
{[%emt 00:01:45]} Rf7 {[%clk 00:28:42]} {[%emt 00:01:10]} 26. Re5 {[%clk
00:44:50]} {[%emt 00:01:36]} Rfd7 {[%clk 00:28:09]} {[%emt 00:01:03]} 27. d6
{[%clk 00:23:11]} {[%emt 00:22:09]} Nb5 {[%clk 00:25:47]} {[%emt 00:02:54]} 28.
Bh3 {[%clk 00:15:35]} {[%emt 00:08:05]} Rxd6 {[%clk 00:25:56]} {[%emt
00:00:21]} 29. Rxd6 {[%clk 00:15:28]} {[%emt 00:00:37]} Nxd6 {[%clk 00:26:13]}
{[%emt 00:00:14]} 30. Re7 {[%clk 00:15:29]} {[%emt 00:00:28]} h6 {[%clk
00:19:55]} {[%emt 00:06:47]} 31. Be6+ {[%clk 00:11:43]} {[%emt 00:04:17]} Kf8
{[%clk 00:16:30]} {[%emt 00:03:54]} 32. Rh7 {[%clk 00:12:00]} {[%emt 00:00:13]}
h5 {[%clk 00:16:43]} {[%emt 00:00:18]} 33. h4 {[%clk 00:12:06]} {[%emt
00:00:23]} Re8 {[%clk 00:16:42]} {[%emt 00:00:32]} 34. Rh8+ {[%clk 00:12:07]}
{[%emt 00:00:29]} Ke7 {[%clk 00:16:56]} {[%emt 00:00:15]} 35. Rxe8+ {[%clk
00:12:30]} {[%emt 00:00:07]} Nxe8 {[%clk 00:16:45]} {[%emt 00:00:42]} 36. Bc4
{[%clk 00:12:30]} {[%emt 00:00:29]} Nd6 {[%clk 00:16:50]} {[%emt 00:00:26]} 37.
Bd3 {[%clk 00:12:39]} {[%emt 00:00:21]} Kf6 {[%clk 00:17:13]} {[%emt 00:00:07]}
38. Kg2 {[%clk 00:11:17]} {[%emt 00:01:51]} b5 {[%clk 00:16:59]} {[%emt
00:00:46]} 39. f3 {[%clk 00:08:08]} {[%emt 00:03:38]} b4 {[%clk 00:16:20]}
{[%emt 00:01:09]} 40. g4 {[%clk 00:07:48]} {[%emt 00:00:49]} hxg4 {[%clk
00:16:03]} {[%emt 00:00:47]} 41. fxg4 {[%clk 00:08:06]} {[%emt 00:00:12]} c5
{[%clk 00:15:59]} {[%emt 00:00:34]} 42. Kf3 {[%clk 00:06:16]} {[%emt 00:02:20]}
g5 {[%clk 00:10:26]} {[%emt 00:06:04]} 43. h5 {[%clk 00:02:24]} {[%emt
00:04:21]} Kg7 {[%clk 00:09:49]} {[%emt 00:01:08]} 44. Be4 {[%clk 00:27:08]}
{[%emt 00:05:46]} b6 {[%clk 00:39:57]} {[%emt 00:00:22]} 45. Bd5 {[%clk
00:25:07]} {[%emt 00:02:30]} Kh6 {[%clk 00:40:17]} {[%emt 00:00:10]} 46. Ke3
{[%clk 00:24:15]} {[%emt 00:01:22]} Kg7 {[%clk 00:40:32]} {[%emt 00:00:15]} 47.
Bc4 {[%clk 00:22:39]} {[%emt 00:02:06]} Kh6 {[%clk 00:40:53]} {[%emt 00:00:10]}
48. Bd5 {[%clk 00:22:14]} {[%emt 00:00:54]} Kg7 {[%clk 00:41:22]} {[%emt
00:00:02]} 49. Be4 {[%clk 00:21:18]} {[%emt 00:01:25]} Kh6 {[%clk 00:41:47]}
{[%emt 00:00:05]} 50. Bg6 {[%clk 00:20:38]} {[%emt 00:01:09]} Kg7 {[%clk
00:42:12]} {[%emt 00:00:07]} 51. Be4 {[%clk 00:20:35]} {[%emt 00:00:32]} Kh6
{[%clk 00:42:38]} {[%emt 00:00:04]} 52. Bd5 {[%clk 00:12:31]} {[%emt 00:08:35]}
1/2-1/2

[Event "DEM U12 2021"]
[Site "Willingen GER"]
[Date "2021.08.25"]
[Round "4"]
[White "Burkart, Lloyd Shang"]
[Black "Gärtner, Alessandro"]
[Result "1-0"]
[Termination "normal"]
[Board "10"]
[WhiteElo "1569"]
[BlackElo "1332"]
[WhiteClock "00:05:16"]
[BlackClock "00:26:05"]
[PlyCount "120"]
[WhiteFideId "16239059"]
[BlackFideId "16268024"]
[EventCountry "GER"]
[EventRounds "9"]
[EventType "swiss"]
[EventDate "2021.08.22"]

1. d4 {[%clk 01:30:59]} d5 {[%clk 01:30:57]} {[%emt 00:00:03]} 2. c4 {[%clk
01:31:25]} {[%emt 00:00:04]} e6 {[%clk 01:31:21]} {[%emt 00:00:06]} 3. Nf3
{[%clk 01:31:49]} {[%emt 00:00:05]} Nf6 {[%clk 01:31:39]} {[%emt 00:00:12]} 4.
g3 {[%clk 01:32:12]} {[%emt 00:00:07]} Be7 {[%clk 01:30:20]} {[%emt 00:01:49]}
5. Bg2 {[%clk 01:32:35]} {[%emt 00:00:07]} c6 {[%clk 01:30:28]} {[%emt
00:00:22]} 6. Qc2 {[%clk 01:33:00]} {[%emt 00:00:05]} O-O {[%clk 01:30:14]}
{[%emt 00:00:44]} 7. O-O {[%clk 01:33:25]} {[%emt 00:00:05]} Re8 {[%clk
01:29:36]} {[%emt 00:01:08]} 8. Nbd2 {[%clk 01:33:47]} {[%emt 00:00:08]} Nbd7
{[%clk 01:28:00]} {[%emt 00:02:07]} 9. e4 {[%clk 01:33:44]} {[%emt 00:00:33]}
dxe4 {[%clk 01:28:11]} {[%emt 00:00:19]} 10. Nxe4 {[%clk 01:34:05]} {[%emt
00:00:08]} Nxe4 {[%clk 01:27:46]} {[%emt 00:00:55]} 11. Qxe4 {[%clk 01:34:29]}
{[%emt 00:00:05]} Nf6 {[%clk 01:28:07]} {[%emt 00:00:10]} 12. Qe2 {[%clk
01:34:41]} {[%emt 00:00:18]} Qc7 {[%clk 01:27:21]} {[%emt 00:01:16]} 13. Rd1
{[%clk 01:33:13]} {[%emt 00:01:59]} Rd8 {[%clk 01:25:19]} {[%emt 00:02:31]} 14.
Bf4 {[%clk 01:30:32]} {[%emt 00:03:12]} Bd6 {[%clk 01:24:16]} {[%emt 00:01:32]}
15. Ne5 {[%clk 01:27:11]} {[%emt 00:03:51]} Qe7 {[%clk 01:19:14]} {[%emt
00:05:32]} 16. a3 {[%clk 01:19:06]} {[%emt 00:08:36]} a5 {[%clk 01:16:40]}
{[%emt 00:03:04]} 17. Rd2 {[%clk 01:14:10]} {[%emt 00:05:25]} Bd7 {[%clk
01:10:57]} {[%emt 00:06:12]} 18. Rad1 {[%clk 01:10:41]} {[%emt 00:04:00]} Re8
{[%clk 01:09:06]} {[%emt 00:02:19]} 19. h4 {[%clk 00:47:41]} {[%emt 00:23:32]}
h6 {[%clk 01:06:03]} {[%emt 00:03:34]} 20. Bf3 {[%clk 00:40:57]} {[%emt
00:07:12]} Rad8 {[%clk 01:02:59]} {[%emt 00:03:34]} 21. Rd3 {[%clk 00:36:32]}
{[%emt 00:04:56]} Rc8 {[%clk 00:48:20]} {[%emt 00:15:09]} 22. Qd2 {[%clk
00:34:22]} {[%emt 00:02:40]} b5 {[%clk 00:46:48]} {[%emt 00:02:02]} 23. c5
{[%clk 00:32:54]} {[%emt 00:01:59]} Bxe5 {[%clk 00:45:34]} {[%emt 00:01:43]}
24. Bxe5 {[%clk 00:31:07]} {[%emt 00:02:17]} Nd5 {[%clk 00:43:56]} {[%emt
00:02:07]} 25. Qxa5 {[%clk 00:29:58]} {[%emt 00:01:40]} b4 {[%clk 00:41:09]}
{[%emt 00:03:17]} 26. Bxd5 {[%clk 00:29:54]} {[%emt 00:00:34]} exd5 {[%clk
00:40:21]} {[%emt 00:01:17]} 27. Qxb4 {[%clk 00:29:35]} {[%emt 00:00:50]} f6
{[%clk 00:39:54]} {[%emt 00:00:57]} 28. Bd6 {[%clk 00:25:45]} {[%emt 00:04:20]}
Qe4 {[%clk 00:39:13]} {[%emt 00:01:11]} 29. Re3 {[%clk 00:23:37]} {[%emt
00:02:37]} Qg4 {[%clk 00:38:33]} {[%emt 00:01:10]} 30. Rde1 {[%clk 00:22:18]}
{[%emt 00:01:50]} Re4 {[%clk 00:37:47]} {[%emt 00:01:16]} 31. Rxe4 {[%clk
00:22:31]} {[%emt 00:00:18]} dxe4 {[%clk 00:38:13]} {[%emt 00:00:03]} 32. Qc4+
{[%clk 00:22:17]} {[%emt 00:00:45]} Be6 {[%clk 00:38:15]} {[%emt 00:00:28]} 33.
Qe2 {[%clk 00:22:30]} {[%emt 00:00:18]} Qh3 {[%clk 00:38:35]} {[%emt 00:00:09]}
34. f3 {[%clk 00:17:19]} {[%emt 00:05:41]} Bd5 {[%clk 00:32:43]} {[%emt
00:06:21]} 35. fxe4 {[%clk 00:17:16]} {[%emt 00:00:34]} Re8 {[%clk 00:33:12]}
36. Qf1 {[%clk 00:14:13]} {[%emt 00:03:33]} Qe6 {[%clk 00:32:41]} {[%emt
00:01:01]} 37. exd5 {[%clk 00:04:54]} {[%emt 00:09:49]} Qxe1 {[%clk 00:32:54]}
{[%emt 00:00:17]} 38. Qxe1 {[%clk 00:05:21]} {[%emt 00:00:03]} Rxe1+ {[%clk
00:33:08]} {[%emt 00:00:16]} 39. Kf2 {[%clk 00:05:50]} Rb1 {[%clk 00:25:32]}
{[%emt 00:08:06]} 40. dxc6 {[%clk 00:06:13]} {[%emt 00:00:08]} Rxb2+ {[%clk
00:26:00]} {[%emt 00:00:02]} 41. Ke1 {[%clk 00:05:41]} {[%emt 00:01:01]} Rb1+
{[%clk 00:26:06]} {[%emt 00:00:25]} 42. Ke2 {[%clk 00:04:40]} {[%emt 00:01:31]}
Rb2+ {[%clk 00:26:23]} {[%emt 00:00:12]} 43. Ke3 {[%clk 00:00:52]} {[%emt
00:04:19]} Rb3+ {[%clk 00:26:38]} {[%emt 00:00:14]} 44. Ke4 {[%clk 00:01:06]}
{[%emt 00:00:15]} Rxa3 {[%clk 00:26:51]} {[%emt 00:00:18]} 45. Bb8 {[%clk
00:01:22]} {[%emt 00:00:14]} Ra1 {[%clk 00:25:49]} {[%emt 00:01:32]} 46. c7
{[%clk 00:01:27]} {[%emt 00:00:25]} Re1+ {[%clk 00:25:55]} {[%emt 00:00:24]}
47. Kd5 {[%clk 00:01:29]} {[%emt 00:00:28]} Re8 {[%clk 00:25:59]} {[%emt
00:00:26]} 48. Kc6 {[%clk 00:01:18]} {[%emt 00:00:41]} g5 {[%clk 00:24:20]}
{[%emt 00:02:09]} 49. Kd7 {[%clk 00:01:05]} {[%emt 00:00:43]} Kf7 {[%clk
00:24:17]} {[%emt 00:00:33]} 50. c8=Q {[%clk 00:01:27]} {[%emt 00:00:08]} Rxc8
{[%clk 00:24:20]} {[%emt 00:00:28]} 51. Kxc8 {[%clk 00:01:53]} {[%emt
00:00:04]} f5 {[%clk 00:24:37]} {[%emt 00:00:12]} 52. hxg5 {[%clk 00:02:16]}
{[%emt 00:00:07]} hxg5 {[%clk 00:24:58]} {[%emt 00:00:08]} 53. d5 {[%clk
00:02:32]} {[%emt 00:00:15]} Kg6 {[%clk 00:25:18]} {[%emt 00:00:10]} 54. d6
{[%clk 00:02:58]} {[%emt 00:00:04]} f4 {[%clk 00:25:47]} 55. gxf4 {[%clk
00:03:23]} {[%emt 00:00:05]} gxf4 {[%clk 00:26:11]} {[%emt 00:00:07]} 56. d7
{[%clk 00:03:47]} {[%emt 00:00:05]} f3 {[%clk 00:25:17]} {[%emt 00:01:24]} 57.
Bg3 {[%clk 00:04:05]} {[%emt 00:00:12]} f2 {[%clk 00:25:24]} {[%emt 00:00:23]}
58. Bxf2 {[%clk 00:04:30]} {[%emt 00:00:06]} Kf7 {[%clk 00:25:45]} {[%emt
00:00:09]} 59. d8=Q {[%clk 00:04:56]} {[%emt 00:00:05]} Ke6 {[%clk 00:25:53]}
{[%emt 00:00:21]} 60. Qd6+ {[%clk 00:05:16]} {[%emt 00:00:09]} Kf5 {[%clk
00:26:05]} {[%emt 00:00:16]} 1-0

[Event "DEM U12 2021"]
[Site "Willingen GER"]
[Date "2021.08.25"]
[Round "4"]
[White "Engel, Bruno"]
[Black "Xue, Luka"]
[Result "1-0"]
[Termination "normal"]
[Board "11"]
[WhiteElo "1660"]
[BlackElo "1496"]
[WhiteClock "00:44:53"]
[BlackClock "00:29:54"]
[PlyCount "101"]
[WhiteFideId "34609008"]
[BlackFideId "16277252"]
[EventCountry "GER"]
[EventRounds "9"]
[EventType "swiss"]
[EventDate "2021.08.22"]

1. e4 {[%clk 01:30:54]} {[%emt 00:00:02]} e6 {[%clk 01:30:42]} {[%emt
00:00:18]} 2. d4 {[%clk 01:31:15]} {[%emt 00:00:08]} d5 {[%clk 01:31:07]}
{[%emt 00:00:06]} 3. Nc3 {[%clk 01:31:33]} {[%emt 00:00:12]} Nf6 {[%clk
01:31:18]} {[%emt 00:00:19]} 4. Bg5 {[%clk 01:31:49]} {[%emt 00:00:13]} dxe4
{[%clk 01:31:20]} {[%emt 00:00:29]} 5. Nxe4 {[%clk 01:31:04]} {[%emt 00:01:15]}
Be7 {[%clk 01:31:30]} {[%emt 00:00:20]} 6. Ng3 {[%clk 01:31:11]} {[%emt
00:00:22]} O-O {[%clk 01:25:50]} {[%emt 00:06:12]} 7. Nf3 {[%clk 01:30:29]}
{[%emt 00:01:12]} b6 {[%clk 01:19:20]} {[%emt 00:07:00]} 8. Bd3 {[%clk
01:27:17]} {[%emt 00:03:40]} Bb7 {[%clk 01:18:16]} {[%emt 00:01:35]} 9. Qe2
{[%clk 01:25:52]} {[%emt 00:01:55]} Bxf3 {[%clk 01:17:00]} {[%emt 00:01:46]}
10. Qxf3 {[%clk 01:26:00]} {[%emt 00:00:21]} Nbd7 {[%clk 01:15:48]} {[%emt
00:01:43]} 11. O-O-O {[%clk 01:16:32]} {[%emt 00:09:58]} Nd5 {[%clk 01:11:12]}
{[%emt 00:05:06]} 12. h4 {[%clk 01:13:51]} {[%emt 00:03:27]} c5 {[%clk
01:09:41]} {[%emt 00:01:46]} 13. c4 {[%clk 01:03:13]} {[%emt 00:11:07]} Nb4
{[%clk 01:03:05]} {[%emt 00:07:07]} 14. Be4 {[%clk 01:01:56]} {[%emt 00:01:46]}
Rc8 {[%clk 01:02:51]} {[%emt 00:00:43]} 15. a3 {[%clk 01:01:42]} {[%emt
00:00:45]} cxd4 {[%clk 00:56:19]} {[%emt 00:07:02]} 16. axb4 {[%clk 01:00:50]}
{[%emt 00:01:22]} Rxc4+ {[%clk 00:52:30]} {[%emt 00:04:19]} 17. Kb1 {[%clk
01:00:38]} {[%emt 00:00:42]} Rxb4 {[%clk 00:47:53]} {[%emt 00:05:08]} 18. Qe2
{[%clk 00:53:41]} {[%emt 00:07:26]} Nc5 {[%clk 00:41:28]} {[%emt 00:06:55]} 19.
Qd2 {[%clk 00:44:28]} {[%emt 00:09:42]} Na4 {[%clk 00:38:26]} {[%emt 00:03:34]}
20. Qxb4 {[%clk 00:43:50]} {[%emt 00:01:07]} Bxb4 {[%clk 00:37:10]} {[%emt
00:01:46]} 21. Bxd8 {[%clk 00:44:12]} {[%emt 00:00:08]} Rxd8 {[%clk 00:37:31]}
{[%emt 00:00:08]} 22. Bc2 {[%clk 00:43:14]} {[%emt 00:01:28]} Nc5 {[%clk
00:37:02]} {[%emt 00:01:00]} 23. Bd3 {[%clk 00:42:15]} {[%emt 00:01:30]} e5
{[%clk 00:36:01]} {[%emt 00:01:30]} 24. f3 {[%clk 00:42:10]} {[%emt 00:00:35]}
Ne6 {[%clk 00:35:03]} {[%emt 00:01:28]} 25. Ne4 {[%clk 00:41:01]} {[%emt
00:01:40]} Nf4 {[%clk 00:33:33]} {[%emt 00:01:59]} 26. g3 {[%clk 00:40:57]}
{[%emt 00:00:34]} Nd5 {[%clk 00:33:00]} {[%emt 00:01:04]} 27. Rc1 {[%clk
00:39:33]} {[%emt 00:01:54]} f6 {[%clk 00:31:08]} {[%emt 00:02:22]} 28. Bc4
{[%clk 00:39:43]} {[%emt 00:00:19]} Kf8 {[%clk 00:30:25]} {[%emt 00:01:14]} 29.
Bxd5 {[%clk 00:40:10]} {[%emt 00:00:02]} Rxd5 {[%clk 00:30:46]} {[%emt
00:00:08]} 30. Rc7 {[%clk 00:39:38]} {[%emt 00:01:03]} a5 {[%clk 00:28:34]}
{[%emt 00:02:42]} 31. Rb7 {[%clk 00:39:23]} {[%emt 00:00:44]} Bc5 {[%clk
00:27:54]} {[%emt 00:01:11]} 32. Rc1 {[%clk 00:39:20]} {[%emt 00:00:33]} f5
{[%clk 00:26:36]} {[%emt 00:01:49]} 33. Nxc5 {[%clk 00:39:22]} {[%emt
00:00:27]} bxc5 {[%clk 00:26:50]} {[%emt 00:00:16]} 34. Rc7 {[%clk 00:38:50]}
{[%emt 00:01:02]} e4 {[%clk 00:26:11]} {[%emt 00:01:09]} 35. R7xc5 {[%clk
00:39:10]} {[%emt 00:00:11]} Rxc5 {[%clk 00:26:25]} {[%emt 00:00:16]} 36. Rxc5
{[%clk 00:39:32]} {[%emt 00:00:07]} g6 {[%clk 00:26:23]} {[%emt 00:00:32]} 37.
fxe4 {[%clk 00:39:56]} {[%emt 00:00:06]} fxe4 {[%clk 00:26:47]} {[%emt
00:00:05]} 38. Re5 {[%clk 00:40:17]} {[%emt 00:00:10]} e3 {[%clk 00:27:07]}
{[%emt 00:00:10]} 39. Kc2 {[%clk 00:40:37]} {[%emt 00:00:10]} Kf7 {[%clk
00:27:14]} {[%emt 00:00:23]} 40. Kd3 {[%clk 00:40:58]} {[%emt 00:00:08]} Kf6
{[%clk 00:27:12]} {[%emt 00:00:33]} 41. Kxd4 {[%clk 00:41:15]} {[%emt
00:00:13]} e2 {[%clk 00:27:33]} {[%emt 00:00:09]} 42. Rxe2 {[%clk 00:41:40]}
{[%emt 00:00:06]} Kf5 {[%clk 00:28:01]} {[%emt 00:00:02]} 43. Re4 {[%clk
00:41:57]} {[%emt 00:00:12]} a4 {[%clk 00:28:04]} {[%emt 00:00:27]} 44. Ke3
{[%clk 00:42:21]} {[%emt 00:00:06]} Kf6 {[%clk 00:28:12]} {[%emt 00:00:22]} 45.
Rxa4 {[%clk 00:42:42]} {[%emt 00:00:09]} Kg7 {[%clk 00:28:34]} {[%emt
00:00:08]} 46. b4 {[%clk 00:43:06]} {[%emt 00:00:06]} Kh6 {[%clk 00:28:59]}
{[%emt 00:00:04]} 47. b5 {[%clk 00:43:30]} {[%emt 00:00:07]} Kh5 {[%clk
00:29:10]} {[%emt 00:00:19]} 48. b6 {[%clk 00:43:52]} {[%emt 00:00:08]} h6
{[%clk 00:29:30]} {[%emt 00:00:10]} 49. b7 {[%clk 00:44:08]} {[%emt 00:00:15]}
g5 {[%clk 00:29:55]} {[%emt 00:00:04]} 50. b8=Q {[%clk 00:44:32]} {[%emt
00:00:06]} g4 {[%clk 00:29:54]} {[%emt 00:00:31]} 51. Qe8# {[%clk 00:44:53]}
{[%emt 00:00:07]} 1-0